Aspectos metodológicos de la tarifación de agua potable según criterio de costo marginal

-д хадгалсан:
Номзүйн дэлгэрэнгүй
Үндсэн зохиолч: Zapata M., Juan Antonio (Зохиогч)
Байгууллагын зохиогч: Pontificia Universidad Católica de Chile. Instituto de Economía (Зохиогч)
Формат: Ном
Хэл сонгох:испани
Хэвлэсэн: Santiago Pontificia Univeridad Católica de Chile 1981
Цуврал:Documento de Trabajo, 75
Нөхцлүүд:
Шошгууд: Шошго нэмэх
Шошго байхгүй, Энэхүү баримтыг шошголох эхний хүн болох!

MARC

LEADER 00000nam a2200000 a 4500
001 UCR8806
003 CL-VaPUC
008 980529e19811000CL |||||||||||||||||spa|d
082 0 4 |a 338.5142  |b ZAP  |2 21 
100 0 |a Zapata M., Juan Antonio  |e author  |9 411016 
110 2 |a Pontificia Universidad Católica de Chile. Instituto de Economía  |e author  |9 411017 
245 1 0 |a Aspectos metodológicos de la tarifación de agua potable según criterio de costo marginal 
300 |a 68 p 
942 |c BK 
945 |d 19980529 00:00:00  |a crobeson 
260 |a Santiago  |b Pontificia Univeridad Católica de Chile  |c 1981 
650 0 |a Costos   |9 261063 
650 7 |a TARIFAS  |2 CL-VaPUC  |9 317352 
650 0 |a Agua potable   |9 260375 
583 |a last modification  |c 19980529 00:00:00  |k Rodrigo Vera 
490 0 |a Documento de Trabajo, 75 
999 |c 270199  |d 270197 
952 |0 0  |1 0  |4 0  |6 338_514200000000000_ZAP_1981  |7 0  |8 A  |9 304342  |a BIBENE  |b BIBENE  |d 2019-11-20  |i 1409654  |o 338.5142 ZAP 1981  |p 1409654  |r 2025-01-15  |w 2019-11-20  |y BK  |k ICO